Voraussetzungen und Möglichkeiten einer Veränderung der Lebenssituation der von sozialen Problemen Bedrohten und Betroffenen: (Symposium am ZiF, Bielefeld, vom 8. - 12. Juni 1977)

Gespeichert in:  
Bibliographische Detailangaben
Beteiligte: Cremer-Schäfer, Helga 1948- (BeteiligteR)
Medienart: Druck Aufsatz
Sprache:Deutsch
Veröffentlicht: 1978
In: Kriminologisches Journal
Jahr: 1978, Band: 10, Heft: 1, Seiten: 38-46
Verfügbarkeit prüfen: HBZ Gateway
Schlagwörter:

MARC

LEADER 00000caa a2200000 c 4500
001 1632208997
003 DE-627
005 20220607132621.0
007 tu
008 120510s1978 xx ||||| 00| ||ger c
035 |a (DE-627)1632208997 
035 |a (DE-576)365021113 
035 |a (DE-599)BSZ365021113 
040 |a DE-627  |b ger  |c DE-627  |e rakwb 
041 |a ger 
245 0 0 |a Voraussetzungen und Möglichkeiten einer Veränderung der Lebenssituation der von sozialen Problemen Bedrohten und Betroffenen  |b (Symposium am ZiF, Bielefeld, vom 8. - 12. Juni 1977)  |c Helga Cremer-Schäfer 
264 1 |c 1978 
336 |a Text  |b txt  |2 rdacontent 
337 |a ohne Hilfsmittel zu benutzen  |b n  |2 rdamedia 
338 |a Band  |b nc  |2 rdacarrier 
700 1 |a Cremer-Schäfer, Helga  |d 1948-  |0 (DE-588)120515954  |0 (DE-627)080723012  |0 (DE-576)160640407  |4 oth 
773 0 8 |i In  |t Kriminologisches Journal  |d Weinheim : Beltz Juventa, 1969  |g 10(1978), 1, Seite 38-46  |w (DE-627)130092207  |w (DE-600)500591-7  |w (DE-576)018208223  |x 0341-1966  |7 nnas 
773 1 8 |g volume:10  |g year:1978  |g number:1  |g pages:38-46 
951 |a AR 
ELC |b 1 
LOK |0 000 xxxxxcx a22 zn 4500 
LOK |0 001 3284008578 
LOK |0 003 DE-627 
LOK |0 004 1632208997 
LOK |0 005 20250819153158 
LOK |0 008 120510||||||||||||||||ger||||||| 
LOK |0 040   |a DE-21-110  |c DE-627  |d DE-21-110 
LOK |0 689   |a s  |a Obdachlose 
LOK |0 852   |a DE-21-110 
LOK |0 852 1  |m p  |9 00 
LOK |0 935   |a k110 
LOK |0 938   |k p 
LOK |0 939   |a 10-05-12  |b l01 
ORI |a SA-MARC-krimdoka001.raw